<?xml version="1.0" encoding="UTF-8"?>
<collection xmlns="http://www.loc.gov/MARC21/slim">
 <record>
  <leader>01971naa a2200349 c 4500</leader>
  <controlfield tag="001">1921633786</controlfield>
  <controlfield tag="003">DE-627</controlfield>
  <controlfield tag="005">20250407085055.0</controlfield>
  <controlfield tag="007">cr uuu---uuuuu</controlfield>
  <controlfield tag="008">250407s2001    xx |||||oo    00| ||ger c</controlfield>
  <datafield tag="035" ind1=" " ind2=" ">
   <subfield code="a">(DE-627)1921633786</subfield>
  </datafield>
  <datafield tag="035" ind1=" " ind2=" ">
   <subfield code="a">(DE-599)KXP1921633786</subfield>
  </datafield>
  <datafield tag="040" ind1=" " ind2=" ">
   <subfield code="a">DE-627</subfield>
   <subfield code="b">ger</subfield>
   <subfield code="c">DE-627</subfield>
   <subfield code="e">rda</subfield>
  </datafield>
  <datafield tag="041" ind1=" " ind2=" ">
   <subfield code="a">ger</subfield>
  </datafield>
  <datafield tag="084" ind1=" " ind2=" ">
   <subfield code="a">KUNST</subfield>
   <subfield code="q">DE-16</subfield>
   <subfield code="2">fid</subfield>
  </datafield>
  <datafield tag="100" ind1="1" ind2=" ">
   <subfield code="a">Krems, Eva-Bettina</subfield>
   <subfield code="d">1968-</subfield>
   <subfield code="e">VerfasserIn</subfield>
   <subfield code="0">(DE-588)1029522367</subfield>
   <subfield code="0">(DE-627)733710646</subfield>
   <subfield code="0">(DE-576)174573537</subfield>
   <subfield code="4">aut</subfield>
  </datafield>
  <datafield tag="245" ind1="1" ind2="0">
   <subfield code="a">[Rezension von: Rudolf Frhr. Hiller von Gaertringen, Raffaels Lernerfahrung in der Werkstatt Peruginos - Christoph Wagner, Farbe und Metapher]</subfield>
   <subfield code="c">rezensiert von Eva-Bettina Krems</subfield>
  </datafield>
  <datafield tag="264" ind1=" " ind2="1">
   <subfield code="c">2001</subfield>
  </datafield>
  <datafield tag="300" ind1=" " ind2=" ">
   <subfield code="b">Illustrationen</subfield>
  </datafield>
  <datafield tag="336" ind1=" " ind2=" ">
   <subfield code="a">Text</subfield>
   <subfield code="b">txt</subfield>
   <subfield code="2">rdacontent</subfield>
  </datafield>
  <datafield tag="337" ind1=" " ind2=" ">
   <subfield code="a">Computermedien</subfield>
   <subfield code="b">c</subfield>
   <subfield code="2">rdamedia</subfield>
  </datafield>
  <datafield tag="338" ind1=" " ind2=" ">
   <subfield code="a">Online-Ressource</subfield>
   <subfield code="b">cr</subfield>
   <subfield code="2">rdacarrier</subfield>
  </datafield>
  <datafield tag="655" ind1=" " ind2="7">
   <subfield code="a">Rezension</subfield>
   <subfield code="0">(DE-588)4049712-4</subfield>
   <subfield code="0">(DE-627)106186019</subfield>
   <subfield code="0">(DE-576)209083166</subfield>
   <subfield code="2">gnd-content</subfield>
  </datafield>
  <datafield tag="773" ind1="0" ind2="8">
   <subfield code="i">Enthalten in</subfield>
   <subfield code="t">Kunstform</subfield>
   <subfield code="d">München : Ludwig-Maximilians-Universität München, Institut für Kunstgeschichte, 2000</subfield>
   <subfield code="g">2(2001), 2</subfield>
   <subfield code="h">Online-Ressource</subfield>
   <subfield code="w">(DE-627)382929004</subfield>
   <subfield code="w">(DE-600)2140180-9</subfield>
   <subfield code="w">(DE-576)281244731</subfield>
   <subfield code="x">1618-7199</subfield>
   <subfield code="7">nnas</subfield>
  </datafield>
  <datafield tag="773" ind1="1" ind2="8">
   <subfield code="g">volume:2</subfield>
   <subfield code="g">year:2001</subfield>
   <subfield code="g">number:2</subfield>
  </datafield>
  <datafield tag="787" ind1="0" ind2="8">
   <subfield code="i">Rezension von</subfield>
   <subfield code="a">Hiller von Gaertringen, Rudolf, 1961 - </subfield>
   <subfield code="t">Raffaels Lernerfahrungen in der Werkstatt Peruginos</subfield>
   <subfield code="d">München : Deutscher Kunstverlag, 1999</subfield>
   <subfield code="h">431 S.</subfield>
   <subfield code="w">(DE-627)265869676</subfield>
   <subfield code="w">(DE-576)07691643X</subfield>
   <subfield code="z">3422062424</subfield>
  </datafield>
  <datafield tag="787" ind1="0" ind2="8">
   <subfield code="i">Rezension von</subfield>
   <subfield code="a">Wagner, Christoph, 1964 - </subfield>
   <subfield code="t">Farbe und Metapher</subfield>
   <subfield code="d">Berlin : Gebr. Mann Verlag, 1999</subfield>
   <subfield code="h">521, [25] Bl.</subfield>
   <subfield code="w">(DE-627)1604731397</subfield>
   <subfield code="w">(DE-576)050569333</subfield>
   <subfield code="z">3786117616</subfield>
  </datafield>
  <datafield tag="856" ind1="4" ind2="0">
   <subfield code="u">https://www.arthistoricum.net/kunstform/rezension/ausgabe/2001/2/6049</subfield>
   <subfield code="x">Verlag</subfield>
   <subfield code="z">kostenfrei</subfield>
   <subfield code="3">Volltext</subfield>
   <subfield code="7">0</subfield>
  </datafield>
  <datafield tag="951" ind1=" " ind2=" ">
   <subfield code="a">AR</subfield>
  </datafield>
  <datafield tag="994" ind1=" " ind2=" ">
   <subfield code="u">https://www.arthistoricum.net/themen/rezensionen/kunstform/rezension/ausgabe/2001/2/6049</subfield>
  </datafield>
  <datafield tag="991" ind1=" " ind2=" ">
   <subfield code="a">Rezension (Monographie, Zeitschrift, Aufsatz)</subfield>
  </datafield>
  <datafield tag="999" ind1=" " ind2=" ">
   <subfield code="a">KXP-PPN1921633786</subfield>
   <subfield code="e">4927477851</subfield>
  </datafield>
 </record>
</collection>
